Mai`at Ayat-Wa-Ayat (Record no. 4678)

MARC details
000 -LEADER
fixed length control field 00542nam a2200229 a 4500
020 ## - INTERNATIONAL STANDARD BOOK NUMBER
ISBN
082 00 - DEWEY DECIMAL CLASSIFICATION NUMBER
Classification number 244
Author Cutter AME
245 ## - TITLE STATEMENT
Title Mai`at Ayat-Wa-Ayat
260 ## - PUBLICATION, DISTRIBUTION, ETC. (IMPRINT)
Place of publication Beirut
Name of publisher American Press
Year of publication 1931
300 ## - PHYSICAL DESCRIPTION
Number of Pages 16p
500 ## - GENERAL NOTE
General note includes index and biblioraphy
505 2# - FORMATTED CONTENTS NOTE
Formatted contents note Reserve copies
650 ## - SUBJECT ADDED ENTRY--TOPICAL TERM
Topical Term Christianity-Miscellany
942 ## - ADDED ENTRY ELEMENTS (KOHA)
Koha item type Books
Holdings
Home library Current library Date acquired Cost, normal purchase price Full call number Accession Number Koha item type
Henry Martyn Institute Library Henry Martyn Institute Library 05/26/2008 100.00 244 AME 5141 Archive Book
                   Copyright © 2026 | Henry Martyn Institute | Hyderabad | TS-500052 | INDIA | Implemented by hmi.edu.in
Hit-Count:

Powered by Koha